000 00608nam a2200181Ia 4500
008 090124s9999 xx 000 0 und d
082 _b114259
100 _aकलगुटकर हिराकांत
245 _a बाळा गाते तुज अंगाई
250 _a1
260 _c1971
300 _a87
600 _aकलगुटकर हिराकांत
630 _a बाळा गाते तुज अंगाई
700 _aकलगुटकर हिराकांत
730 _a बाळा गाते तुज अंगाई
942 _cBOOK
999 _c160350
_d160350